Comparative analysis of as built support design with finite element modelling of nahakki pass tunnel in mohmand agency / (Record no. 533468)

000 -LEADER
fixed length control field 00571nam a22001577a 4500
020 ## - INTERNATIONAL STANDARD BOOK NUMBER
Qualifying information Hard Cvoer.
082 ## - DEWEY DECIMAL CLASSIFICATION NUMBER
Classification number 624.15
100 ## - MAIN ENTRY--PERSONAL NAME
Personal name Muhammad Asif.
245 ## - TITLE STATEMENT
Title Comparative analysis of as built support design with finite element modelling of nahakki pass tunnel in mohmand agency /
Statement of responsibility, etc. Muhammad Asif.
260 ## - PUBLICATION, DISTRIBUTION, ETC.
Place of publication, distribution, etc. Islamabad :
Name of publisher, distributor, etc. NICE - NUST,
Date of publication, distribution, etc. 2015.
300 ## - PHYSICAL DESCRIPTION
Extent xv, 139 p. ill. ;
Dimensions 30cm.
942 ## - ADDED ENTRY ELEMENTS (KOHA)
Source of classification or shelving scheme
Koha item type Thesis
650 ## - SUBJECT ADDED ENTRY--TOPICAL TERM
Topical term or geographic name entry element MS Thesis Geotechnical Engineering
700 ## - ADDED ENTRY--PERSONAL NAME
Personal name Dr. S. Muhammad Jamil.
650 ## - SUBJECT ADDED ENTRY--TOPICAL TERM
-- 27373
700 ## - ADDED ENTRY--PERSONAL NAME
-- 19531
Holdings
Withdrawn status Lost status Source of classification or shelving scheme Damaged status Not for loan Permanent Location Current Location Shelving location Date acquired Total Checkouts Full call number Barcode Date last seen Price effective from Koha item type
          Central Library (CL) Central Library (CL) Thesis 01/06/2020   624.15 CL-T-4568 01/06/2020 01/06/2020 Thesis
© 2023 Central Library, National University of Sciences and Technology. All Rights Reserved.